000 00642nam a2200253Ia 4500
001 54006
005 20240114005407.0
007 ta
008 110404s2001 g b000 u asm u
040 _aCotton College,Assam
041 _aasm
082 _a398
_bTa 17 Ra
100 _aTara, Biswanath Rabha .
245 0 _aRabha Loka Biswas /
_cBiswanath Rabha Tara.
_hTextual Documents
250 _aIst ed. /
260 _aGoalpara :
_bDaibaky Rabha ,
_c2001.
300 _a30pg ;
_c18cm.
653 _aFolklore
653 _aRabha- Folklore
653 _aG
942 _2ddc
_cBK
999 _c53969
_d53969